LEADER 02268nam0 2200445 i 450 001 CFI0487261 005 20251003044142.0 010 $a8823806291 020 $aIT$b2000-12685 100 $a20130827d2000 ||||0itac50 ba 101 | $aita 102 $ait 181 1$6z01$ai $bxxxe 182 1$6z01$an 183 1$6z01$anc$2RDAcarrier 200 1 $aˆL'‰osservatorio turistico$eobiettivi, metodologie, strumenti$fa cura di Magda Antonioli Corigliano 210 $aMilano$cEGEA$d 2000! 215 $a271 p.$d24 cm. 225 | $aBiblioteca dell'economia d'azienda$v72 410 0$1001CFI0128567$12001 $aBiblioteca dell'economia d'azienda$v72 606 $aTurismo$xRicerche di mercato$2FIR$3CFIC043550$9I 606 $aAziende turistiche$xSistemi informativi$2FIR$3CFIC116589$9I 676 $a338.4$9Produzione. Industrie secondarie e servizi$v14 676 $a338.47910688$9BENI E SERVIZI. Turismo. Gestione del marketing$v21 696 $aInchieste di mercato$aIndagini di mercato$aSondaggi di mercato$aAnalisi di mercato 696 $aImprese turistiche$aCompagnie turistiche 699 $aRicerche di mercato$yInchieste di mercato 699 $aRicerche di mercato$yIndagini di mercato 699 $aRicerche di mercato$ySondaggi di mercato 699 $aRicerche di mercato$yAnalisi di mercato 699 $aAziende turistiche$yImprese turistiche 699 $aAziende turistiche$yCompagnie turistiche 801 3$aIT$bIT-000000$c20130827 850 $aIT-BN0095 901 $bNAP 01$cPOZZO LIB.$nVi sono collocati fondi di economia, periodici di ingegneria e scienze, periodici di economia e statistica e altri fondi comprendenti documenti di economia pervenuti in dono. 912 $aCFI0487261 950 0$aBiblioteca Centralizzata di Ateneo$c1 v. in due copie$d 01POZZO LIB.ECON MON 232$e 0101 0000024695E VMA (bis 1 v. (2. copia) precedente collocazione sez. DASES B 520(bis$fB $h20081008$i20081008$c1 v. in due copie$d 01POZZO LIB.ECON MON 232$e 0101 0000009575E VMA 1 v. precedente collocazione sez. DASES B 520$fB $h20080915$i20080915 977 $a 01 996 $aOsservatorio turistico$963582 997 $aUNISANNIO